000 00577nam a2200217Ia 4500
003 OSt
005 20250314162328.0
008 210210b2007 xxu||||| |||| 00| 0 eng d
020 _a8126021438
040 _cAL
041 _ahin
082 _aH891.8 MADY
100 _aMADHURESH Ed
_9206503
110 _bमधुरेश
_9206504
245 _aYashpal rachna sanchayan:
_bयशपाल रचना संचयन
260 _aNew Delhi
_bSahity Academy
_c2007
300 _a368
690 _aHindi Miscellaneous
_9206508
906 _a063854
942 _2ddc
_cBK
999 _c139034
_d139034